000 00441nam a2200193Ia 4500
005 20240823035304.0
008 240823s9999||||xx |||||||||||||| ||und||
020 _a978-81-291-2015-1
041 _aENGLISH
082 _A337.091724 Q2
100 _aann Nichols Roulac
245 0 _aPower Passion and Purpose
250 _a1st
260 _c2012
_bRupa
500 _aYES
650 _aPower
_bGeneral
942 _cBK
999 _c200330
_d200330